00284nam a2200121Ia 4500008004100000082001300041100001600054245002200070250001300092260004000105300000900145650000800154191201s2007 xx 000 0 und d a657bSHA aSHUKLA, M C 0aAdvanced Accounts a1st Rep. aN.DelhibS Chand and Co. Ltd.c2007 a32.8 aMBA